Statistiques concernant Deuxièmes villes les plus peuplées de chaque pays d'Amérique du Sud

Cliquez ici pour prendre le quiz!

Statistiques générales

  • Ce quiz a été pris 34 fois
  • Le résultat moyen est 4 sur 12

Statistiques - réponses

PaysDeuxième ville la plus peuplée% Correct
BrésilRio de Janeiro
97%
ColombieMedellín
78%
EquateurQuito
66%
ArgentineCórdoba
53%
PérouArequipa
25%
ParaguayCiudad del Este
13%
VenezuelaCaracas
9%
BolivieEl Alto
6%
UruguaySalto
6%
SurinameLelydorp
0%
GuyanaLinden
0%
ChiliPuente Alto
0%

Distribution des résultats

Percentile par nombre de réponses

% des personnes avec chaque résultat

Votre développement - résultats

Vous n’avez pas pris ce quiz